| 000 | 00564nam a22001937a 4500 | ||
|---|---|---|---|
| 003 | 0 | ||
| 005 | 20240522153541.0 | ||
| 008 | 240522b xxu||||| |||| 00| 0 eng d | ||
| 020 | _a978-0-385-39194-8 | ||
| 050 |
_aER _bFre851 2015 |
||
| 082 |
_aER _bFre851 2015 |
||
| 100 | _aMoore, Julianne | ||
| 245 |
_aFreckleface strawberry : backpacks! _cJulianne Moore |
||
| 260 |
_aNew York _bRandom House, LLC _c2015 |
||
| 300 |
_a32 pages : _bcolored illustrations ; _c23cm. |
||
| 650 | _aBest friends--Fiction. | ||
| 650 | _aFriendship--Fiction. | ||
| 942 |
_2ddc _cBK |
||
| 999 |
_c365982 _d365982 |
||